|
|
|
|
| LEADER |
01448nam a2200385Ia 4500 |
| 001 |
EBC178638 |
| 003 |
MiAaPQ |
| 005 |
20200520144314.0 |
| 006 |
m o d | |
| 007 |
cr cn||||||||| |
| 008 |
970618s1998 enka sb 001 0 eng d |
| 010 |
|
|
|z 97026883
|
| 020 |
|
|
|z 0203446941
|
| 020 |
|
|
|z 0415165199 (hb : alk. paper)
|
| 020 |
|
|
|z 0415165202 (pb : alk. paper)
|
| 035 |
|
|
|a (MiAaPQ)EBC178638
|
| 035 |
|
|
|a (Au-PeEL)EBL178638
|
| 035 |
|
|
|a (CaPaEBR)ebr10056076
|
| 035 |
|
|
|a (CaONFJC)MIL31864
|
| 035 |
|
|
|a (OCoLC)299569917
|
| 040 |
|
|
|a MiAaPQ
|c MiAaPQ
|d MiAaPQ
|
| 050 |
|
4 |
|a HC460.5
|b .R69 1998
|
| 082 |
0 |
4 |
|a 338.95
|2 21
|
| 245 |
0 |
0 |
|a Behind East Asian growth
|h [electronic resource] :
|b the political and social foundations of prosperity /
|c edited by Henry S. Rowen.
|
| 260 |
|
|
|a London ;
|a New York :
|b Routledge,
|c 1998.
|
| 300 |
|
|
|a xiv, 358 p. :
|b ill.
|
| 504 |
|
|
|a Includes bibliographical references and index.
|
| 533 |
|
|
|a Electronic reproduction. Ann Arbor, MI : ProQuest, 2015. Available via World Wide Web. Access may be limited to ProQuest affiliated libraries.
|
| 651 |
|
0 |
|a East Asia
|x History.
|
| 651 |
|
0 |
|a East Asia
|x Economic policy
|v Case studies.
|
| 651 |
|
0 |
|a East Asia
|x Economic conditions
|v Case studies.
|
| 655 |
|
4 |
|a Electronic books.
|
| 700 |
1 |
|
|a Rowen, Henry S.
|
| 710 |
2 |
|
|a ProQuest (Firm)
|
| 856 |
4 |
0 |
|u https://ebookcentral.proquest.com/lib/matrademy/detail.action?docID=178638
|z Click to View
|